[Event "CZE-chT2E 2223"]
[Site "Czech Republic"]
[Date "2023.03.26"]
[Round "11.1"]
[White "Kanovsky, David"]
[Black "Volak, Simon"]
[Result "1/2-1/2"]
[WhiteElo "2400"]
[BlackElo "2116"]
[PlyCount "37"]
[EventDate "2022.10.16"]
[EventType "team-tourn"]
[EventRounds "11"]
[EventCountry "CZE"]
[SourceTitle "EXT 2024"]
[Source "ChessBase"]
[SourceDate "2023.10.10"]
[SourceVersion "1"]
[SourceVersionDate "2023.10.10"]
[SourceQuality "1"]
[WhiteTeam "Namest nad Oslavou"]
[BlackTeam "Brno Lokomotiva"]
[WhiteTeamCountry "CZE"]
[BlackTeamCountry "CZE"]

1. c4 Nf6 2. g3 e6 3. Bg2 d5 4. Nf3 Be7 5. 0-0 0-0 6. b3 b6 7. Bb2 Bb7 8. d3 c5 9. e3 Nbd7 10. Nbd2 Rc8 11. Rc1 Qc7 12. Qc2 Qb8 13. Qb1 Rfd8 14. Rfe1 Nf8 15. a3 Ng6 16. h4 Ng4 17. cxd5 Bxd5 18. e4 Bb7 19. Nc4 1/2-1/2

[Event "CZE-chT1E 2223"]
[Site "Czech Republic"]
[Date "2022.11.26"]
[Round "3.6"]
[White "Kanovsky, David"]
[Black "Mica, Marek"]
[Result "1-0"]
[WhiteElo "2400"]
[BlackElo "2200"]
[PlyCount "85"]
[EventDate "2022.10.08"]
[EventType "team-tourn"]
[EventRounds "11"]
[EventCountry "CZE"]
[SourceTitle "CBM 213 Extra"]
[Source "ChessBase"]
[SourceDate "2023.05.31"]
[SourceVersion "1"]
[SourceVersionDate "2023.05.31"]
[SourceQuality "1"]
[WhiteTeam "Poruba Slavoj"]
[BlackTeam "Frydek Mistek II"]
[WhiteTeamCountry "CZE"]
[BlackTeamCountry "CZE"]

1. c4 Nf6 2. g3 e6 3. Bg2 d5 4. Nf3 Bd6 5. b3 0-0 6. Bb2 b6 7. 0-0 Bb7 8. d3 Nbd7 9. Nbd2 c5 10. e3 Qc7 11. Rc1 Rfd8 12. Re1 Rac8 13. Qc2 Qb8 14. Qb1 Bf8 15. Qa1 a6 16. cxd5 Nxd5 17. a3 a5 18. Nc4 Qa7 19. e4 Nc7 20. h4 b5 21. Ne3 Nb6 22. d4 c4 23. bxc4 Bxe4 24. c5 Na4 25. Ne5 Bxg2 26. Nxg2 Nd5 27. Qb1 Qc7 28. Ba1 Rb8 29. Qb3 Be7 30. Ne3 Nxe3 31. Qxe3 Bf6 32. Ng4 Rd5 33. Qe4 Qd8 34. Ne3 Rd7 35. c6 Rc7 36. Red1 Nb6 37. d5 exd5 38. Nxd5 Nxd5 39. Rxd5 Qe8 40. Qf4 Bd8 41. Qe5 Qf8 42. Rxd8 Qxd8 43. Qxg7# 1-0

[Event "CZE-chT 2122"]
[Site "Czech Republic"]
[Date "2022.04.10"]
[Round "15.2"]
[White "Hollan, Martin"]
[Black "Kanovsky, David"]
[Result "1-0"]
[WhiteElo "2356"]
[BlackElo "2426"]
[PlyCount "77"]
[EventDate "2021.10.15"]
[EventType "team-tourn"]
[EventRounds "15"]
[EventCountry "CZE"]
[SourceTitle "EXT 2023"]
[Source "ChessBase"]
[SourceDate "2022.10.05"]
[SourceVersion "1"]
[SourceVersionDate "2022.10.05"]
[SourceQuality "1"]
[WhiteTeam "Kromeriz Slavia"]
[BlackTeam "Poruba Slavoj"]
[WhiteTeamCountry "CZE"]
[BlackTeamCountry "CZE"]

1. c4 c5 2. Nf3 g6 3. e4 Bg7 4. d4 cxd4 5. Nxd4 Nc6 6. Be3 Nf6 7. Nc3 0-0 8. Be2 d6 9. 0-0 Bd7 10. h3 Nxd4 11. Bxd4 Bc6 12. Qc2 a5 13. Rad1 Nd7 14. Bxg7 Kxg7 15. Bg4 f5 16. exf5 h5 17. f6+ Rxf6 18. Bxd7 Qxd7 19. Nd5 Bxd5 20. Rxd5 Rf5 21. Qc3+ Kf7 22. Rfd1 Rc8 23. Rxa5 b5 24. b3 bxc4 25. Rxf5+ Qxf5 26. bxc4 Rc5 27. Rd3 Qe4 28. Rf3+ Ke8 29. Re3 Qxc4 30. Qf6 Re5 31. Qxg6+ Kd7 32. Rxe5 dxe5 33. Qb1 h4 34. Qd1+ Kc7 35. a4 Qb4 36. Qa1 Qa5 37. Qc1+ Kb8 38. Qb1+ Kc7 39. Qe4 1-0

[Event "CZE-chT 2122"]
[Site "Czech Republic"]
[Date "2021.12.19"]
[Round "6.1"]
[White "Kanovsky, David"]
[Black "Roubalik, Jakub"]
[Result "1-0"]
[WhiteElo "2426"]
[BlackElo "2391"]
[PlyCount "109"]
[EventDate "2021.10.15"]
[EventType "team-tourn"]
[EventRounds "15"]
[EventCountry "CZE"]
[SourceTitle "EXT 2023"]
[Source "ChessBase"]
[SourceDate "2022.10.05"]
[SourceVersion "1"]
[SourceVersionDate "2022.10.05"]
[SourceQuality "1"]
[WhiteTeam "Poruba Slavoj"]
[BlackTeam "Brno Moravska Slavia"]
[WhiteTeamCountry "CZE"]
[BlackTeamCountry "CZE"]

1. Nf3 d5 2. g3 Nf6 3. Bg2 c6 4. 0-0 Bf5 5. d3 h6 6. b3 e6 7. Bb2 Be7 8. Nbd2 0-0 9. Qe1 Bh7 10. e4 a5 11. a4 Na6 12. Qe2 Nb4 13. Ne1 Nd7 14. f4 Nc5 15. Kh1 dxe4 16. Nxe4 Nxe4 17. dxe4 f5 18. Rd1 Qe8 19. Nd3 Nxd3 20. Rxd3 fxe4 21. Bxe4 Bf6 22. Bxh7+ Kxh7 23. Ba3 Be7 24. Qe4+ Kh8 25. Bb2 Bf6 26. Bxf6 Rxf6 27. Rfd1 Qh5 28. Kg2 Re8 29. Rd8 Rff8 30. Rxe8 Rxe8 31. Rd7 b5 32. Rd6 bxa4 33. bxa4 e5 34. f5 Rf8 35. g4 Qg5 36. Rg6 Qd2+ 37. Kh3 Qd5 38. Qe3 Kh7 39. Kh4 Qg2 40. Qxe5 Rf7 41. c4 Re7 42. Qd6 Rb7 43. c5 Qe2 44. Kh5 Rf7 45. Rxh6+ gxh6 46. Qg6+ Kh8 47. Qxf7 Qxh2+ 48. Kg6 Qh5+ 49. Kf6 Qg5+ 50. Ke6 Qxg4 51. Qe8+ Kg7 52. Qd7+ Kg8 53. Qxc6 Qc4+ 54. Qd5 Qxa4 55. Kf6+ 1-0

[Event "CZE-chT 2122"]
[Site "Czech Republic"]
[Date "2021.10.17"]
[Round "2.3"]
[White "Kanovsky, David"]
[Black "Vlasak, Lukas"]
[Result "1-0"]
[WhiteElo "2426"]
[BlackElo "2438"]
[PlyCount "69"]
[EventDate "2021.10.15"]
[EventType "team-tourn"]
[EventRounds "15"]
[EventCountry "CZE"]
[SourceTitle "CBM 204 Extra"]
[Source "ChessBase"]
[SourceDate "2021.11.30"]
[SourceVersion "1"]
[SourceVersionDate "2021.11.30"]
[SourceQuality "1"]
[WhiteTeam "Poruba Slavoj"]
[BlackTeam "Turnov Zikuda"]
[WhiteTeamCountry "CZE"]
[BlackTeamCountry "CZE"]

1. c4 c5 2. g3 Nc6 3. Bg2 g6 4. Nc3 Bg7 5. a3 e6 6. h4 h6 7. Nh3 Nge7 8. Nf4 0-0 9. Rb1 Rb8 10. b4 cxb4 11. axb4 b6 12. Qa4 Bb7 13. Bb2 d6 14. d3 Nd4 15. Bxb7 Rxb7 16. b5 Rc7 17. Ne4 Qd7 18. e3 Nf3+ 19. Ke2 Ne5 20. Qa1 f6 21. Rbc1 Kh7 22. Qa2 Rfc8 23. Ba3 d5 24. Nd6 dxc4 25. dxc4 Nxc4 26. Rxc4 Rxc4 27. Nxc4 e5 28. Nd3 Nd5 29. Rc1 Qg4+ 30. Ke1 Qe4 31. Qb3 f5 32. Nd2 Qh1+ 33. Nf1 Rd8 34. Bb2 e4 35. Nf4 1-0

[Event "CZE-chT 2122"]
[Site "Czech Republic"]
[Date "2021.10.16"]
[Round "1.3"]
[White "Balacek, Tadeas"]
[Black "Kanovsky, David"]
[Result "1/2-1/2"]
[WhiteElo "2355"]
[BlackElo "2426"]
[PlyCount "121"]
[EventDate "2021.10.15"]
[EventType "team-tourn"]
[EventRounds "15"]
[EventCountry "CZE"]
[SourceTitle "CBM 204 Extra"]
[Source "ChessBase"]
[SourceDate "2021.11.30"]
[SourceVersion "1"]
[SourceVersionDate "2021.11.30"]
[SourceQuality "1"]
[WhiteTeam "Lysa nad Labem"]
[BlackTeam "Poruba Slavoj"]
[WhiteTeamCountry "CSR"]
[BlackTeamCountry "CZE"]

1. d4 Nf6 2. c4 c5 3. d5 e6 4. Nc3 exd5 5. cxd5 d6 6. Nf3 g6 7. g3 Bg7 8. Bg2 0-0 9. 0-0 Re8 10. Re1 a6 11. a4 Ne4 12. Nxe4 Rxe4 13. Qc2 Rb4 14. Ra2 a5 15. Bd2 Na6 16. Bc3 Rb8 17. e4 b5 18. e5 Rc4 19. axb5 Nb4 20. Qe2 Rxc3 21. bxc3 Nxa2 22. Qxa2 Bg4 23. exd6 Bxf3 24. Bxf3 Bxc3 25. Re2 Qxd6 26. Kg2 Kg7 27. h4 h5 28. Rc2 Bb4 29. Be2 Rb6 30. Bc4 Qf6 31. Re2 Qf5 32. Re7 Rf6 33. Qe2 Rd6 34. Rc7 a4 35. Rc6 Qf6 36. Qf3 Qd8 37. b6 Ba5 38. b7 Rxc6 39. dxc6 f5 40. Qe2 Bc7 41. Qe6 Qd6 42. Qf7+ Kh6 43. Qd7 Qe5 44. Bg8 Qg7 45. Bd5 a3 46. Qe8 Qe5 47. Qxe5 Bxe5 48. Kf3 Kg7 49. Ke2 f4 50. gxf4 Bxf4 51. Kd3 Kf6 52. Kc2 c4 53. Bxc4 g5 54. hxg5+ Kxg5 55. Kb3 Bd6 56. c7 Bxc7 57. Kxa3 Kf6 58. Kb4 h4 59. Kc5 Bb8 60. Kc6 Ke7 61. Bd5 1/2-1/2

[Event "CZE-chT1E 1819"]
[Site "Czech Republic"]
[Date "2019.01.20"]
[Round "6.2"]
[White "Kanovsky, David"]
[Black "Vesselovsky, Serguei"]
[Result "1/2-1/2"]
[WhiteElo "2414"]
[BlackElo "2328"]
[PlyCount "25"]
[EventDate "2018.10.21"]
[EventType "team-tourn"]
[EventRounds "11"]
[EventCountry "CZE"]
[SourceTitle "CBM 188 Extra"]
[Source "ChessBase"]
[SourceDate "2019.02.26"]
[SourceVersion "1"]
[SourceVersionDate "2019.02.26"]
[SourceQuality "1"]
[WhiteTeam "Stare Mesto"]
[BlackTeam "Frydek Mistek II"]
[WhiteTeamCountry "CZE"]
[BlackTeamCountry "CZE"]

1. c4 c5 2. Nc3 g6 3. g3 Bg7 4. Bg2 Nc6 5. a3 b6 6. b4 Rb8 7. Rb1 cxb4 8. axb4 Bb7 9. f4 f5 10. Nh3 Bxc3 11. dxc3 Nf6 12. Nf2 Na5 13. Bxb7 1/2-1/2

[Event "CZE-chT1E 1819"]
[Site "Czech Republic"]
[Date "2018.11.11"]
[Round "2.1"]
[White "Novosadova, Kristyna"]
[Black "Kanovsky, David"]
[Result "0-1"]
[WhiteElo "2231"]
[BlackElo "2414"]
[PlyCount "66"]
[EventDate "2018.10.21"]
[EventType "team-tourn"]
[EventRounds "11"]
[EventCountry "CZE"]
[SourceTitle "CBM 187 Extra"]
[Source "ChessBase"]
[SourceDate "2018.11.04"]
[SourceVersion "1"]
[SourceVersionDate "2018.11.04"]
[SourceQuality "1"]
[WhiteTeam "Jundrov Jezdci"]
[BlackTeam "Stare Mesto"]
[WhiteTeamCountry "CZE"]
[BlackTeamCountry "CZE"]

1. g3 c5 2. Bg2 Nc6 3. c4 g6 4. Nc3 Bg7 5. Nf3 e5 6. a3 a5 7. d3 d6 8. h4 h6 9. Rb1 Nge7 10. Bd2 Bg4 11. Nh2 Be6 12. e4 f5 13. Nd5 0-0 14. Qc1 Kh7 15. Nf3 Nd4 16. Nxd4 cxd4 17. b4 a4 18. f4 fxe4 19. dxe4 Rc8 20. h5 exf4 21. Nxe7 Qxe7 22. hxg6+ Kxg6 23. Bxf4 Rxc4 24. Qd1 Kh7 25. Qd2 Qf6 26. Bf1 Rc3 27. Bd3 Qg6 28. Rd1 Rxf4 29. gxf4 Qg3+ 30. Qf2 Rxd3 31. Qxg3 Rxg3 32. Kf2 Rxa3 33. Rc1 Rc3 0-1

[Event "CZE-chT 1718"]
[Site "Czech Republic"]
[Date "2018.04.07"]
[Round "10.1"]
[White "Vanek, Ladislav"]
[Black "Kanovsky, David"]
[Result "0-1"]
[WhiteElo "2257"]
[BlackElo "2405"]
[PlyCount "66"]
[EventDate "2017.11.18"]
[EventType "team-tourn"]
[EventRounds "11"]
[EventCountry "CZE"]
[SourceTitle "EXT 2019"]
[Source "ChessBase"]
[SourceDate "2018.10.10"]
[SourceVersion "1"]
[SourceVersionDate "2018.10.10"]
[SourceQuality "1"]
[WhiteTeam "Tatran Litovel"]
[BlackTeam "Poruba Slavoj"]
[WhiteTeamCountry "CZE"]
[BlackTeamCountry "CZE"]

1. d4 Nf6 2. c4 c5 3. d5 e6 4. Nc3 exd5 5. cxd5 d6 6. e4 g6 7. Bd3 Bg7 8. h3 0-0 9. Nf3 a6 10. a4 Re8 11. 0-0 Nh5 12. Bg5 Bf6 13. Be3 Nd7 14. Nd2 Bd4 15. Bxd4 cxd4 16. Ne2 Nc5 17. Ra3 Bd7 18. b4 Bxa4 19. Rxa4 Nxd3 20. Ra3 Nhf4 21. Nxf4 Nxf4 22. Qg4 Nh5 23. b5 a5 24. Ra4 Rc8 25. Rxd4 Rc5 26. Rb1 b6 27. Qf3 Qc7 28. Rb3 Rc1+ 29. Kh2 Rc8 30. g4 Qe7 31. Nc4 R8xc4 32. Rxc4 Qe5+ 33. Kg2 Nf4+ 0-1

[Event "CZE-chT1E 1718"]
[Site "Czech Republic"]
[Date "2018.03.25"]
[Round "10.6"]
[White "Sabuk, Piotr"]
[Black "Kanovsky, David"]
[Result "1-0"]
[WhiteElo "2372"]
[BlackElo "2401"]
[PlyCount "71"]
[EventDate "2017.10.22"]
[EventType "team-tourn"]
[EventRounds "11"]
[EventCountry "CZE"]
[SourceTitle "EXT 2019"]
[Source "ChessBase"]
[SourceDate "2018.10.10"]
[SourceVersion "1"]
[SourceVersionDate "2018.10.10"]
[SourceQuality "1"]
[WhiteTeam "Rychnov nad Kneznou"]
[BlackTeam "Stare Mesto"]
[WhiteTeamCountry "CZE"]
[BlackTeamCountry "CZE"]

1. d4 g6 2. c4 Bg7 3. e4 c5 4. d5 d6 5. Nc3 Nf6 6. h3 e6 7. Bd3 exd5 8. exd5 0-0 9. Nf3 Re8+ 10. Be3 Bh6 11. 0-0 Bxe3 12. fxe3 Nbd7 13. e4 Kg7 14. Qd2 Ne5 15. Nxe5 Rxe5 16. Rf2 Ng8 17. Ne2 Bd7 18. Rb1 b6 19. b4 Qg5 20. Qxg5 Rxg5 21. Kh2 h5 22. a4 cxb4 23. Rxb4 Re5 24. Nc3 Be8 25. Ra2 Nf6 26. a5 bxa5 27. Rxa5 Nd7 28. Na4 Re7 29. Rb7 Kf8 30. Nb6 Nxb6 31. Rxb6 axb6 32. Rxa8 Rb7 33. e5 dxe5 34. d6 f5 35. c5 bxc5 36. Bb5 1-0

[Event "CZE-chT1E 1718"]
[Site "Czech Republic"]
[Date "2018.01.21"]
[Round "6.4"]
[White "Kanovsky, David"]
[Black "Rakus, Pavel"]
[Result "0-1"]
[WhiteElo "2401"]
[BlackElo "2241"]
[PlyCount "58"]
[EventDate "2017.10.22"]
[EventType "team-tourn"]
[EventRounds "11"]
[EventCountry "CZE"]
[SourceTitle "EXT 2019"]
[Source "ChessBase"]
[SourceDate "2018.10.10"]
[SourceVersion "1"]
[SourceVersionDate "2018.10.10"]
[SourceQuality "1"]
[WhiteTeam "Stare Mesto"]
[BlackTeam "Opava KVS"]
[WhiteTeamCountry "CZE"]
[BlackTeamCountry "CZE"]

1. e4 c5 2. Nf3 Nc6 3. d4 cxd4 4. Nxd4 Nf6 5. Nc3 e5 6. Ndb5 d6 7. Nd5 Nxd5 8. exd5 Ne7 9. c3 Nf5 10. a4 Be7 11. Be2 0-0 12. 0-0 Bd7 13. g3 Kh8 14. Re1 g5 15. Bf1 Ng7 16. Kh1 f5 17. f4 gxf4 18. gxf4 a6 19. Nxd6 Bxd6 20. fxe5 Bc5 21. b4 Bf2 22. Re2 Qh4 23. Qd2 Ba7 24. e6 Nxe6 25. dxe6 Bc6+ 26. Bg2 Rad8 27. Qe1 Bxg2+ 28. Kxg2 Rg8+ 29. Kh1 Qg4 0-1

[Event "CZE-chT1E 1718"]
[Site "Czech Republic"]
[Date "2017.11.26"]
[Round "3.5"]
[White "Kanovsky, David"]
[Black "Haba, Petr"]
[Result "1/2-1/2"]
[WhiteElo "2401"]
[BlackElo "2441"]
[PlyCount "63"]
[EventDate "2017.10.22"]
[EventType "team-tourn"]
[EventRounds "11"]
[EventCountry "CZE"]
[SourceTitle "EXT 2019"]
[Source "ChessBase"]
[SourceDate "2018.10.10"]
[SourceVersion "1"]
[SourceVersionDate "2018.10.10"]
[SourceQuality "1"]
[WhiteTeam "Stare Mesto"]
[BlackTeam "Gordic"]
[WhiteTeamCountry "CZE"]
[BlackTeamCountry "CZE"]

1. e4 c5 2. Nf3 e6 3. d4 cxd4 4. Nxd4 Nc6 5. Nc3 Qc7 6. g3 a6 7. Bg2 Nf6 8. 0-0 Nxd4 9. Qxd4 Bc5 10. Bf4 d6 11. Qd3 Nd7 12. Na4 e5 13. Bd2 Bd4 14. c3 Nc5 15. Nxc5 Bxc5 16. b4 Ba7 17. c4 Be6 18. Rfc1 0-0 19. Bf1 Bd4 20. Rab1 f5 21. Be3 fxe4 22. Qxe4 Bxe3 23. Qxe3 a5 24. a3 axb4 25. axb4 Ra2 26. f3 Qf7 27. Rd1 Bxc4 28. Rxd6 Bxf1 29. Rxf1 Rb2 30. Qxe5 Rxb4 31. Re6 Qf5 32. f4 1/2-1/2

[Event "CZE-chT 1718"]
[Site "Czech Republic"]
[Date "2017.11.19"]
[Round "2.1"]
[White "Kanovsky, David"]
[Black "Petr, Martin"]
[Result "1/2-1/2"]
[WhiteElo "2405"]
[BlackElo "2497"]
[PlyCount "80"]
[EventDate "2017.11.18"]
[EventType "team-tourn"]
[EventRounds "11"]
[EventCountry "CZE"]
[SourceTitle "CBM 181 Extra"]
[Source "ChessBase"]
[SourceDate "2017.12.12"]
[SourceVersion "1"]
[SourceVersionDate "2017.12.12"]
[SourceQuality "1"]
[WhiteTeam "Poruba Slavoj"]
[BlackTeam "Pardubice"]
[WhiteTeamCountry "CZE"]
[BlackTeamCountry "CZE"]

1. c4 c5 2. Nc3 Nc6 3. g3 g6 4. Bg2 Bg7 5. a3 e6 6. Rb1 Nge7 7. b4 d6 8. e3 0-0 9. Nge2 Rb8 10. 0-0 b6 11. d4 cxd4 12. exd4 Bb7 13. Bb2 a6 14. Re1 d5 15. cxd5 exd5 16. Qb3 Nxd4 17. Nxd4 Bxd4 18. Rbd1 Bg7 19. Nxd5 Nxd5 20. Bxd5 Qc7 21. Bxg7 Kxg7 22. Qb2+ Kg8 23. Qf6 Bxd5 24. Rxd5 Rfe8 25. Red1 Qe7 26. Rd6 Qxf6 27. Rxf6 Rb7 28. Kg2 a5 29. bxa5 bxa5 30. Rd5 Ra8 31. Rf4 h5 32. Ra4 Rba7 33. Kf3 Ra6 34. h4 Kg7 35. Kg2 R8a7 36. Rc5 Ra8 37. Rf4 R8a7 38. Ra4 Ra8 39. Rac4 Rb8 40. Rf4 Rb7 1/2-1/2

[Event "CZE-chT1E 1718"]
[Site "Czech Republic"]
[Date "2017.10.22"]
[Round "1.6"]
[White "Kanovsky, David"]
[Black "Klima, Lukas"]
[Result "1-0"]
[WhiteElo "2401"]
[BlackElo "2319"]
[PlyCount "81"]
[EventDate "2017.10.22"]
[EventType "team-tourn"]
[EventRounds "11"]
[EventCountry "CZE"]
[SourceTitle "CBM 181 Extra"]
[Source "ChessBase"]
[SourceDate "2017.12.12"]
[SourceVersion "1"]
[SourceVersionDate "2017.12.12"]
[SourceQuality "1"]
[WhiteTeam "Stare Mesto"]
[BlackTeam "Ostrava"]
[WhiteTeamCountry "CZE"]
[BlackTeamCountry "CZE"]

1. e4 c5 2. Nf3 Nc6 3. d4 cxd4 4. Nxd4 Nf6 5. Nc3 e5 6. Ndb5 d6 7. Nd5 Nxd5 8. exd5 Nb8 9. a4 Be7 10. Be2 0-0 11. 0-0 Nd7 12. Kh1 f5 13. f4 a6 14. Na3 exf4 15. Bxf4 Ne5 16. Qd2 Bf6 17. a5 Ng6 18. Nc4 Nxf4 19. Qxf4 Bd7 20. Bd3 g6 21. Nxd6 Qc7 22. Ne8 Qd8 23. Nxf6+ Qxf6 24. Qc7 Rad8 25. Qxb7 Bc8 26. Qb4 f4 27. Rae1 Rf7 28. b3 Kg7 29. Qe4 Bf5 30. Qe2 h5 31. Bxf5 Qxf5 32. Qe5+ Qxe5 33. Rxe5 Kf6 34. Re6+ Kf5 35. c4 Rb7 36. Rb6 Re7 37. d6 Re2 38. c5 Rc2 39. b4 g5 40. Rxa6 g4 41. Ra7 1-0